| 000 | 00684nam a22002057a 4500 | ||
|---|---|---|---|
| 005 | 20130430152134.0 | ||
| 008 | 130408b xxu||||| |||| 00| 0 eng d | ||
| 010 | _aENG-106849 | ||
| 020 |
_a9789350570142 _c295.00 |
||
| 035 | _aEN-90382 | ||
| 037 | _bDBAD/PUB | ||
| 040 |
_aDPL _bEng |
||
| 082 | _a371.39445 | ||
| 100 | _aBittu Kumar | ||
| 245 |
_aComprehensive computer learning (CCL) / _cby Bittu Kumar |
||
| 260 |
_aNew Delhi _bV& S Publishers _c2013 |
||
| 270 |
_aF-2/16, Anasari Road, Daryaganj Vihar _bNew Delhi _e110002 _k23240026 _l011- 23240028 _minfo@vspublishers.com |
||
| 300 |
_a407p. : _c24cm(pbk) _bill. _e1CD-ROM |
||
| 942 |
_2ddc _cEN _mBIT _h371.39445 |
||
| 999 |
_c74314 _d74314 |
||